| 000 | 00499 a2200157 4500 | ||
|---|---|---|---|
| 020 | _a9690015206 | ||
| 082 | _a 954.91 | ||
| 090 |
_c1224 _d1224 |
||
| 100 | _aAhmed, Rizwana Zahid. | ||
| 245 |
_a Pakistan the real picture : a compendium history course, 712 to 1995 _c Rizwana Zahid Ahmed, |
||
| 260 |
_aRawapindi: _bFerozsons (Pvt) Ltd., _c 1998. |
||
| 300 |
_a371 p. ; _c 24 cm. |
||
| 500 | _aIncludes bibliographical references and index | ||
| 650 | _aPakistan--History. | ||
| 942 |
_cBK _k 954.91 AHM |
||
| 999 |
_c5183 _d5183 |
||